Disaster managment / (Record no. 39202)

MARC details
000 -LEADER
fixed length control field 00718nam a22002177a 4500
005 - DATE AND TIME OF LATEST TRANSACTION
control field 20100804125834.0
010 ## - LCCN (DPL NO)
LC control number ENG-98236
020 ## - INTERNATIONAL STANDARD BOOK NUMBER
International Standard Book Number 8190778188
Terms of availability 65.00
020 ## - INTERNATIONAL STANDARD BOOK NUMBER
International Standard Book Number 9788190778183
Terms of availability 65.00
035 ## - SYSTEM CONTROL NUMBER
System control number EN-81769
037 ## - SOURCE OF ACQUISITION
Source of stock number/acquisition DBAD/PUB
082 ## - DEWEY DECIMAL CLASSIFICATION NUMBER
Classification number 362.34
245 ## - TITLE STATEMENT
Title Disaster managment /
Statement of responsibility, etc edited by A.Siva
260 ## - PUBLICATION, DISTRIBUTION, ETC. (IMPRINT)
Place of publication, distribution, etc Chennai
Name of publisher, distributor, etc Sekar Publication
Date of publication, distribution, etc 2009
270 ## - ADDRESS
Address 66,Periyar Street, MGR Nagar,
City Chennai
Postal code 600078
300 ## - PHYSICAL DESCRIPTION
Extent 134p.
Dimensions 21cm (pbk)
500 ## - GENERAL NOTE
General note Includes index
700 ## - ADDED ENTRY--PERSONAL NAME
Personal name Siva, A.
9 (RLIN) 5929
942 ## - ADDED ENTRY ELEMENTS (KOHA)
Source of classification or shelving scheme Dewey Decimal Classification
Item type English Books
Classification part 363.34
Call number suffix DIS
Holdings
Withdrawn status Lost status Not for loan Collection code Home library Current library Date acquired Source of acquisition Cost, normal purchase price Full call number Barcode Copy number Cost, replacement price Koha item type
    Not For Loan Non-fiction D.B.Act.Division D.B.Act.Division 04/08/2010 DBAD/PUB 65.00 363.34 DIS EN-81769 1 65.00 English Books

© Delhi Public Library
Hit Counter
free hit counter